| 000 | 02609nam a2200325 a 4500 | ||
|---|---|---|---|
| 001 | BRCA_5194 | ||
| 005 | 20190320204958.0 | ||
| 008 | 251110s1798----mx-######v---#000-0#spa-# | ||
| 041 | _aspa | ||
| 044 | _amx | ||
| 084 |
_aDOC119D _b.C68 _c1798 |
||
| 100 | 1 |
_aCovian de los Ríos, José _913299 |
|
| 245 | 1 | 0 |
_aDocumento firmado por Don José Covian de los Ríos y Bruno Francisco Larrañaga _cJosé Covian de los Ríos ; Bruno Francisco Larrañaga. |
| 260 |
_aMéxico _c1798 |
||
| 300 |
_a[43] fojas _c29 x 20 cm. |
||
| 500 | _aDocumento redactado entre el 1 de enero hasta el 28 de febrero de 1798. | ||
| 500 | _aLibro #16. Data de los caudales de los Propios, Rentas de Sisa, Posito y demás de la Nueva España de México del Cargo de Don José Covian de los Ríos, Mayordomo Depositario, desde el 1 de enero hasta 28 de febrero de 1798 y desde el 1 de marzo del mismo año por Don Bruno Francisco Larrañaga. | ||
| 500 | _aLegajo 1: Data de alcances de años anteriores. -- Legajo 2: Data de lo pagado de salarios del ramo de propios. Año de 1798. -- Legajo 3: Data de lo pagado de réditos de los principales que reconocen la Nueva España del ramo de propios. Año de 1798. -- Legajo 4: Data de lo gastado en fiestas de Santos Patronos de la Nueva España. Año de 1798. -- Legajo 5: Data de los gastos judiciales en negocios de la Nueva España. Año de 1798. -- Legajo 6: Data de lo gastado en obras de fincas. 1789. -- Legajo 7: Data de lo erogado en gastos ordinarios. 1798. -- Legajo 8: Data de los gastos erogados en el Ramo del Fiel Contraste de Pesas y Medidas de la ciudad y el campo. -- Legajo 9: Data de los gastos erogados en la atención de los mercados y de las plazuelas propias de la Nueva España. Año de 1798. -- Legajo 10: Data de los gastos erogados en la atención del mercado principal de la plaza del Volador. 1798. -- Legajo 11: Data de los gastos erogados en la atención del mercado de la Plazuela de Jesús Nazareno. | ||
| 500 | _aEl documento contiene la leyenda DOC. #287. | ||
| 500 | _aEl papel tiene una pigmentación azul. | ||
| 500 | _aEstado de conservación: el documento contiene manchas por acidez de la tinta. | ||
| 506 | 0 | _aFondo Reservado. Para su consulta es necesario credencial de usuario y carta de motivos. | |
| 546 | _aTexto en: Español de finales del siglo XVIII. | ||
| 600 | 1 | 4 |
_aCovian de los Ríos, José _xFuentes _913300 |
| 650 | 1 | 4 |
_aDocumentos legales _vManuscritos _xHistoria _912814 |
| 651 | 4 |
_aMéxico _xHistoria _yColonia, 1521-1821 _912461 |
|
| 700 | 1 |
_aLarrañaga, Bruno Francisco _913301 |
|
| 902 | _aFDH | ||
| 942 |
_2lcc _cD |
||
| 999 |
_c4888 _d4888 |
||